000 00784nam a2200241 i 4500
001 bg
100 1 _aPATULSKI, Władysław
245 1 0 _aOdpowiedzialność materialna pracowników /
_cWładysław Patulski.
250 _aStan prawny na dzień 31 marca 1999 r.
260 _aGdańsk :
_bOśrodek Doradztwa i Doskonalenia Kadr,
_c1999.
300 _a192 s. ;
_c24 cm.
650 9 _aOdpowiedzialność cywilna
_zPolska
_ystan na 1999 r.
650 9 _aOdszkodowanie
_xprawo
_zPolska
_ystan na 1999 r.
650 9 _aPrawo pracy
_xzagadnienia
_zPolska
_ystan na 1999 r.
655 _aPoradniki
020 _a8371872305
040 _cBPK
041 0 _apol
080 _a349.23/.24:347.5](438)
920 _a83-71872-30-5
942 _cKS
008 s pl f |000 0 pol
999 _c35407
_d35407
856 _uhttp://koha.tu.koszalin.pl/cgi-bin/koha/opac-detail.pl?biblionumber=35407
_yKatalog online BPK